Domain-specific english: textual practices across communities and classrooms

Gardado en:
Detalles Bibliográficos
Main Authors: Cortese, Giuseppina (Author), Riley, Philip (Author)
Formato: Libro
Idioma:inglés
Publicado: Berna Peter Lang 2002
Edición:1a. ed
Series:Linguistic Insights. Studies in Language and Communication, 2
Subjects:
Tags: Engadir etiqueta
Sen Etiquetas, Sexa o primeiro en etiquetar este rexistro!

MARC

LEADER 00000nam a2200000 a 4500
001 UCJ0742
003 CL-VaPUC
008 060901e20020000SZ |||||||||||||||||eng|d
020 |a 3906768988 
082 0 4 |a 420.143  |b COR  |2 21 
100 0 |a Cortese, Giuseppina  |e author  |9 501056 
700 0 |a Riley, Philip  |e author  |9 501057 
245 1 0 |a Domain-specific english: textual practices across communities and classrooms 
250 |a 1a. ed 
300 |a 420 p 
942 |c BK 
945 |d 20060901 00:00:00  |a cmena 
260 |a Berna  |b Peter Lang  |c 2002 
650 0 |a Semántica  |9 265318 
650 0 |a Lengua inglesa  |9 318842 
650 0 |a Investigación lingüística  |9 329785 
583 |a last modification  |c 20140408 11:24:18  |k Rodrigo Vera 
490 0 |a Linguistic Insights. Studies in Language and Communication, 2 
999 |c 317495  |d 317493 
952 |0 0  |1 0  |4 0  |6 420_143000000000000_COR_2002  |7 0  |8 A  |9 393936  |a FDOPOS  |b FDOPOS  |d 2019-11-22  |i 426391K  |o 420.143 COR 2002  |p 426391K  |r 2025-01-22  |w 2019-11-22  |y BK  |k MLA